| 000 | 00639aas a2200217 4500 | ||
|---|---|---|---|
| 999 |
_c3163 _d3163 |
||
| 003 | BR-BrBNA | ||
| 005 | 20230317233726.0 | ||
| 007 | ta | ||
| 008 | 230119b bl ||||| |||| 00| 0 por d | ||
| 035 | _a000485-5 | ||
| 040 |
_aBR-BrBNA _bPor _cBR-BrBNA |
||
| 042 | _aN | ||
| 044 | _abl | ||
| 245 | _aManual Técnico. Série Especial - Coordenadoria de Assistência Técnica Integral (Brazil) | ||
| 260 |
_aCampinas-SP _bCoordenadoria de Assistência Técnica Integral _c1999 _eBSP |
||
| 270 | _aAv. Brasil, 2.340 - Caixa Postal 960 - 13073-001 | ||
| 310 | _airregular | ||
| 505 | _a1999-00 (1-8); | ||
| 909 |
_a56 _bSergio Santos _c56 _dSergio Santos |
||
| 942 |
_cCR _2AGRIS |
||